[Event "Mumbai Accurate op"]
[White "Aaradhya, Kenjale"]
[Black "Jagesia, Daksh"]
[Site "Mumbai"]
[Round "2"]
[Result "0-1"]
[Date "2023.09.30"]
[WhiteElo "1107"]
[BlackElo "1560"]
[PlyCount "70"]
[EventDate "2023.09.29"]
[EventType "swiss"]
[EventRounds "7"]
[EventCountry "IND"]
[SourceTitle "CBM 216 Extra"]
[Source "ChessBase"]
[SourceDate "2023.11.30"]
[SourceVersion "1"]
[SourceVersionDate "2023.11.30"]
[SourceQuality "1"]

1. e4 e6 2. d4 d5 3. Nd2 c5 4. c3 Nc6 5. Bb5 Qb6 6. Bxc6+ bxc6 7. Ne2 Ba6 8. exd5 cxd5 9. dxc5 Bxc5 10. 0-0 Nf6 11. b4 Bd6 12. Nf3 0-0 13. Be3 Qc7 14. Rc1 Qc4 15. Re1 e5 16. a3 Ng4 17. Ng3 f5 18. Ng5 h6 19. Ne6 Rf6 20. Nc5 Nxe3 21. Rxe3 Bxc5 22. bxc5 f4 23. Rf3 fxg3 24. Rxf6 gxh2+ 25. Kxh2 gxf6 26. Qc2 Kg7 27. g3 e4 28. Qd1 Qe2 29. Qg1 e3 30. Kg2 Bb7 31. Rb1 Bc6 32. Kh3 exf2 33. Qc1 Bd7+ 34. g4 Qxg4+ 35. Kh2 Qh3# 0-1